Top 10 Most Popular Instruments To Play - Statistics

General Stats
  • This quiz has been taken 220 times
  • The average score is 7 of 10
Answer Stats
Ranking Answer % Correct
No. 2 Piano
91%
No. 8 Flute
86%
No. 4 Drums
84%
No. 10 Trumpet
84%
No. 3 Violin
79%
No. 9 Clarinet
72%
No. 5 Bass Guitar
63%
No. 6 Saxophone
63%
No. 7 Cello
58%
No. 1 Electric Guitar
48%
No matching quizzes found
Score Distribution
Percent of People with Each Score
Percentile by Number Answered
Your Score History
You have not taken this quiz